Countries that ban the burqa - Statistics

General Stats
  • This quiz has been taken 42 times
  • The average score is 5 of 12
Answer Stats
Answer % Correct
France
97%
Belgium
81%
Austria
69%
Denmark
67%
Bulgaria
36%
Latvia
31%
Republic of the Congo
19%
Tajikistan
17%
Chad
14%
Gabon
14%
Cameroon
11%
Morocco
11%
No matching quizzes found
Score Distribution
Percent of People with Each Score
Percentile by Number Answered
Your Score History
You have not taken this quiz